00340 2200145 4500001002100000005001500021035002000036245003900056100001000095250000600105260003600111082000800147084001400155990002500169INLIS00000000000245620250604104121 a0010-06250000421 aDibawah Lingkungan Ka'bah /cHamka0 aHamka a1 aJakarta :bBulan Bintang,c2002 a813 a813 HAM d a02.1850 s/d 02. 1859